| 000 | 00889cam a22002773a 4500 | ||
|---|---|---|---|
| 001 | 17185 | ||
| 003 | PGUSA | ||
| 005 | 20140828083352.0 | ||
| 008 | 051129s2005||||xxu|||||s|||||000 | eng d | ||
| 040 |
_aPGUSA _beng |
||
| 042 | _adc | ||
| 050 | 4 | _aQL | |
| 100 | 1 | _aBingley, Thomas | |
| 245 | 1 | 0 |
_aStories about the Instinct of Animals, Their Characters, and Habits _h[electronic resource] / _cThomas Bingley |
| 260 |
_bProject Gutenberg, _c2005 |
||
| 506 | _aPublic domain in the USA. | ||
| 516 | _aElectronic text | ||
| 653 | _aAnimal behavior -- Juvenile literature | ||
| 653 | _aInstinct -- Juvenile literature | ||
| 653 | _aConduct of life -- Juvenile literature | ||
| 653 | _aAnimals -- Anecdotes -- Juvenile literature | ||
| 700 | 1 |
_aLandseer, Thomas, _d1795-1880 |
|
| 830 | 0 |
_aProject Gutenberg _v17185 |
|
| 856 | 4 | 0 | _uhttp://www.gutenberg.org/ebooks/17185 |
| 942 | _cEB | ||
| 999 |
_c246440 _d246440 |
||